अहल्या का रामदर्शन (Record no. 3076)

MARC details
000 -LEADER
fixed length control field 01054 a2200241 4500
005 - DATE AND TIME OF LATEST TRANSACTION
control field 20080911105830.0
008 - FIXED-LENGTH DATA ELEMENTS--GENERAL INFORMATION
fixed length control field 080911t xxu||||| |||| 00| 0hin d
010 ## - LIBRARY OF CONGRESS CONTROL NUMBER
LC control number HIN-79599
020 ## - INTERNATIONAL STANDARD BOOK NUMBER
International Standard Book Number 8188081450
Terms of availability 130.00
035 ## - SYSTEM CONTROL NUMBER
System control number HN-51945
037 ## - SOURCE OF ACQUISITION
Source of stock number/acquisition D.B.Act / pub
082 ## - DEWEY DECIMAL CLASSIFICATION NUMBER
Classification number 821
100 ## - MAIN ENTRY--PERSONAL NAME
Personal name गर्ग, पुष्पारानी
245 ## - TITLE STATEMENT
Title अहल्या का रामदर्शन
Statement of responsibility, etc पुष्पारानी गर्ग
246 ## - VARYING FORM OF TITLE
Title proper/short title Ahalya ka Ran-Darshan
Remainder of title by Pushpa Rani Garg
260 ## - PUBLICATION, DISTRIBUTION, ETC. (IMPRINT)
Place of publication, distribution, etc दिल्ली
Name of publisher, distributor, etc दिशा प्रकाशन
Date of publication, distribution, etc 2007
270 ## - ADDRESS
Address 138/16, त्रिनगर
City दिल्ली
Postal code 110035
300 ## - PHYSICAL DESCRIPTION
Extent 120पृ
Dimensions 22 सेमी (सजिल्द)
650 ## - SUBJECT ADDED ENTRY--TOPICAL TERM
Topical term or geographic name as entry element हिन्दी कविताएँ
650 ## - SUBJECT ADDED ENTRY--TOPICAL TERM
Topical term or geographic name as entry element Hindi poems
942 ## - ADDED ENTRY ELEMENTS (KOHA)
Institution code [OBSOLETE] dpl
Koha item type Hindi Books
Call number prefix 821/ गर्गपु
Source of classification or shelving scheme Dewey Decimal Classification
Classification part 821
Call number suffix गर्गपु
Holdings
Withdrawn status Lost status Damaged status Not for loan Home library Current library Date acquired Cost, normal purchase price Total Checkouts Full call number Barcode Date last seen Copy number Uniform Resource Identifier Cost, replacement price Price effective from Koha item type
        D.B.Act.Division D.B.Act.Division 11/09/2008 130.00   821 गर्गपु HN-51945 15/09/2008 1 3271 130.00 15/09/2008 Hindi Books

© Delhi Public Library
Hit Counter
free hit counter